La corte de Keobbá (Record no. 164137)

MARC details
000 -LEADER
campo de control de longitud fija 01046nam a2200241 i 4500
001 - NÚMERO DE CONTROL
campo de control 164137
003 - IDENTIFICADOR DE NÚMERO DE CONTROL
campo de control ES-MaACL
005 - FECHA Y HORA DE LA ÚLTIMA TRANSACCIÓN
campo de control 20250927063039.0
008 - DATOS DE LONGITUD FIJA--INFORMACIÓN GENERAL
campo de control de longitud fija 050727s1885 sp a |||| |dspa d
040 ## - FUENTE DE CATALOGACIÓN
Centro catalogador/agencia de origen CAM
Lengua de catalogación spa
Centro/agencia transcriptor CAM
100 1# - ENTRADA PRINCIPAL--NOMBRE DE PERSONA
Nombre de persona Ruiz, Antonio,
Fechas asociadas al nombre -ca.1800
9 (RLIN) 158431
245 13 - MENCIÓN DEL TÍTULO
Título La corte de Keobbá
Resto del título : descripción de un viaje á los paises desconocidos del interior del Africa, imitación de Julio Verne /
Mención de responsabilidad, etc. por Antonio Ruiz ; dibujante, Emilio Estrella ; grabador, Eugenio Alós.
260 ## - PUBLICACIÓN, DISTRIBUCIÓN, ETC.
Lugar de publicación, distribución, etc. Barcelona :
Nombre del editor, distribuidor, etc. Sociedad Editorial,
Fecha de publicación, distribución, etc. 1885 (
Fabricante Tipografía de la Casa Provincial de Caridad)
300 ## - DESCRIPCIÓN FÍSICA
Extensión 64 p. :
Otras características físicas il. ;
Dimensiones 29 cm.
490 1# - MENCIÓN DE SERIE
Mención de serie La ciencia en el desierto ;
Designación de volumen o secuencia 2
490 1# - MENCIÓN DE SERIE
Mención de serie Biblioteca ilustrada de Marti y Roig
700 1# - ENTRADA AGREGADA--NOMBRE PERSONAL
Nombre de persona Estrella, Emilio.
9 (RLIN) 126980
700 1# - ENTRADA AGREGADA--NOMBRE PERSONAL
Nombre de persona Alós, Eugenio.
9 (RLIN) 125646
830 0# - PUNTO DE ACCESO ADICIONAL DE SERIE-TÍTULO UNIFORME
Título uniforme La ciencia en el desierto ;
Designación de volumen o secuencia 2
9 (RLIN) 188452
830 0# - PUNTO DE ACCESO ADICIONAL DE SERIE-TÍTULO UNIFORME
Título uniforme Biblioteca ilustrada de Marti y Roig
9 (RLIN) 188453
852 ## - LOCALIZACIÓN
Ubicación ES-MaACL
Número de control de estantería Fol-Laf-65
Nota libre - Rust.
-- . - Legado M. de la Fuente
Holdings
Estatus retirado Estado de pérdida Estado de daño No para préstamo Colección Biblioteca de origen Biblioteca actual Ubicación en estantería Fecha de adquisición Fuente de adquisición Total de préstamos Signatura topográfica completa Código de barras Visto por última vez Precio de reemplazo Tipo de ítem Koha
        Colección de folletos Biblioteca del Ateneo de Madrid Biblioteca del Ateneo de Madrid Depósito folletos 17/01/2008     Fol-Laf-65 1172027 23/02/2023 23/02/2023 Folleto